[Event "Asia-ch Seniors"]
[Site "Tagaytay City"]
[Date "2023.10.15"]
[Round "1"]
[White "Paciencia, Enrique Rivas"]
[Black "Ismail, Ahmad"]
[Result "1-0"]
[WhiteElo "2289"]
[BlackElo "1795"]
[PlyCount "75"]
[EventDate "2023.10.15"]
[EventType "swiss"]
[EventRounds "9"]
[EventCountry "PHI"]
[SourceTitle "Mega2024 Update 01"]
[Source "Chessbase"]
[SourceDate "2023.11.12"]
[SourceVersion "1"]
[SourceVersionDate "2023.11.12"]
[SourceQuality "1"]

1. d4 Nf6 2. Nf3 b6 3. g3 Bb7 4. Bg2 e6 5. 0-0 Be7 6. c4 0-0 7. Nc3 d5 8. Ne5 c5 9. Bf4 Na6 10. cxd5 exd5 11. Qa4 Qc8 12. Rac1 Rd8 13. Nb5 Nd7 14. Bh3 Nab8 15. Nxd7 Nxd7 16. Nxa7 Rxa7 17. Qxa7 Qc6 18. Qa3 Ra8 19. Qb3 Nf6 20. a3 c4 21. Qe3 Bf8 22. Rc2 Re8 23. Qc1 b5 24. Bg2 Bd6 25. b3 Qc7 26. a4 Bxf4 27. gxf4 Bc6 28. axb5 Bxb5 29. bxc4 dxc4 30. d5 Qd7 31. Qb2 c3 32. Qxc3 Bxe2 33. Re1 Ba6 34. Rxe8+ Qxe8 35. Qe3 Qf8 36. Rc6 Ng4 37. Qc1 Bb7 38. h3 1-0

[Event "SGP-ch 74th"]
[Site "Singapore"]
[Date "2023.02.11"]
[Round "8"]
[White "Paciencia, Enrique Rivas"]
[Black "Wong, Zhenyong Jayden"]
[Result "1/2-1/2"]
[WhiteElo "2267"]
[BlackElo "2292"]
[PlyCount "85"]
[EventDate "2023.01.27"]
[EventType "swiss"]
[EventRounds "9"]
[EventCountry "SIN"]
[SourceTitle "EXT 2024"]
[Source "ChessBase"]
[SourceDate "2023.10.10"]
[SourceVersion "1"]
[SourceVersionDate "2023.10.10"]
[SourceQuality "1"]

1. d4 Nf6 2. c4 e6 3. Nf3 d5 4. g3 Be7 5. Bg2 0-0 6. Qc2 Nbd7 7. 0-0 c6 8. Nbd2 b6 9. e4 dxc4 10. Nxc4 Bb7 11. Nfe5 c5 12. Nxd7 Qxd7 13. dxc5 Bxc5 14. Bg5 Rac8 15. Ne5 Qd4 16. Bxf6 gxf6 17. Ng4 f5 18. Rad1 Qg7 19. e5 Be7 20. Qb3 Bxg2 21. Nf6+ Bxf6 22. exf6 Qxf6 23. Kxg2 Rfd8 24. Qa3 Rc7 25. Qe3 Rcd7 26. Rxd7 Rxd7 27. Rc1 Kg7 28. b3 h6 29. Rc4 e5 30. a4 e4 31. Qc1 Qe5 32. Rc6 e3 33. Qxe3 Qd5+ 34. Qf3 Qxf3+ 35. Kxf3 Rd3+ 36. Kf4 Rxb3 37. a5 Rb4+ 38. Kf3 bxa5 39. Ra6 Ra4 40. Rxa7 Ra3+ 41. Kf4 Ra2 42. f3 Rxh2 43. Ra6 1/2-1/2

[Event "SIN-ch 73rd"]
[Site "Singapore"]
[Date "2022.01.22"]
[Round "2"]
[White "Paciencia, Enrique Rivas"]
[Black "Tin, Jingyao"]
[Result "0-1"]
[WhiteElo "2274"]
[BlackElo "2497"]
[PlyCount "52"]
[EventDate "2022.01.21"]
[EventType "swiss"]
[EventRounds "9"]
[EventCountry "SIN"]
[SourceTitle "EXT 2023"]
[Source "ChessBase"]
[SourceDate "2022.10.05"]
[SourceVersion "1"]
[SourceVersionDate "2022.10.05"]
[SourceQuality "1"]

1. d4 Nf6 2. c4 e6 3. Nc3 Bb4 4. Qc2 0-0 5. Bg5 c5 6. dxc5 Bxc5 7. Nf3 Nc6 8. e3 Be7 9. Be2 h6 10. Bh4 d5 11. 0-0 dxc4 12. Bxc4 a6 13. a3 b5 14. Ba2 Bb7 15. Rad1 Qb6 16. Bb1 g6 17. Bg3 b4 18. Ne4 Nxe4 19. Qxe4 Rfd8 20. Qg4 Rxd1 21. Rxd1 Rd8 22. Rf1 h5 23. Qf4 bxa3 24. bxa3 Qb3 25. Ng5 Bxg5 26. Qf3 Be7 0-1

[Event "Olympiad-43"]
[Site "Batumi"]
[Date "2018.10.02"]
[Round "8.1"]
[White "Eid, Fadi"]
[Black "Paciencia, Enrique Rivas"]
[Result "1/2-1/2"]
[WhiteElo "2328"]
[BlackElo "2335"]
[PlyCount "115"]
[EventDate "2018.09.24"]
[EventType "team-swiss"]
[EventRounds "11"]
[EventCountry "GEO"]
[SourceTitle "CBM 187"]
[Source "ChessBase"]
[SourceDate "2018.12.11"]
[SourceVersion "1"]
[SourceVersionDate "2018.12.11"]
[SourceQuality "1"]
[WhiteTeam "Lebanon"]
[BlackTeam "Singapore"]
[WhiteTeamCountry "LBN"]
[BlackTeamCountry "SIN"]

1. e4 e5 2. Nc3 Nf6 3. g3 Bc5 4. Bg2 c6 5. Nf3 Qe7 6. 0-0 d6 7. h3 Bb6 8. d3 Nbd7 9. a4 a5 10. d4 0-0 11. Be3 Ne8 12. Re1 Nc7 13. Qd2 Re8 14. Rad1 Ne6 15. Qe2 Bc7 16. Kh2 Nb8 17. d5 Nf8 18. Nh4 g6 19. Qd2 Na6 20. f4 Nd7 21. Nf3 Nb4 22. fxe5 Nxe5 23. Nxe5 Qxe5 24. Qf2 Bd7 25. Rf1 Qe7 26. e5 cxd5 27. Nxd5 Nxd5 28. Bxd5 Be6 29. Bxb7 Rab8 30. Bc6 Rec8 31. exd6 Bxd6 32. Bb5 Be5 33. Bd4 Qc7 34. c3 Rd8 35. h4 Bxd4 36. Rxd4 Rxd4 37. Qxd4 Rd8 38. Qe3 Qd6 39. c4 Qb4 40. b3 Rd2+ 41. Rf2 Rxf2+ 42. Qxf2 Qxb3 43. Qd2 Qf3 44. Qd8+ Kg7 45. Qd4+ Qf6 46. Qe3 h5 47. c5 Qb2+ 48. Kg1 Bd5 49. Kf1 Kg8 50. Ke1 Qb4+ 51. Kf2 Qb2+ 52. Ke1 Qc2 53. Qd4 Qb3 54. Kd2 Qf3 55. Qc3 Qf2+ 56. Kc1 Qg1+ 57. Kd2 Qg2+ 58. Kc1 1/2-1/2

[Event "Kuala Lumpur op 15th"]
[Site "Kuala Lumpur"]
[Date "2018.08.21"]
[Round "2"]
[White "Paciencia, Enrique Rivas"]
[Black "Deepan Chakkravarthy, J."]
[Result "0-1"]
[WhiteElo "2327"]
[BlackElo "2530"]
[PlyCount "91"]
[EventDate "2018.08.20"]
[EventType "swiss"]
[EventRounds "9"]
[EventCountry "MAS"]
[SourceTitle "CBM 186 Extra"]
[Source "ChessBase"]
[SourceDate "2018.08.24"]
[SourceVersion "1"]
[SourceVersionDate "2018.08.24"]
[SourceQuality "1"]

1. d4 Nf6 2. c4 c5 3. d5 e6 4. Nc3 exd5 5. cxd5 g6 6. Nf3 Bg7 7. Bg5 h6 8. Bh4 0-0 9. Nd2 d6 10. e4 Re8 11. Be2 Nbd7 12. 0-0 g5 13. Bg3 Ne5 14. Re1 h5 15. Bxe5 Rxe5 16. Nf3 Nd7 17. Nxe5 Nxe5 18. Qd2 g4 19. Nd1 Bd7 20. Ne3 Qf6 21. b4 Qg6 22. Rac1 b6 23. bxc5 bxc5 24. Qc2 Bh6 25. Nf5 Bxf5 26. exf5 Qg5 27. Rb1 h4 28. Rb3 Kg7 29. h3 gxh3 30. Rxh3 Qf4 31. Bf1 Bg5 32. Qe4 Qxe4 33. Rxe4 Nd7 34. Bb5 Nf6 35. Ra4 Rb8 36. Rb3 Rb7 37. Bc6 Re7 38. f4 Ng4 39. Rb1 Bf6 40. Ra3 Bd4+ 41. Kh1 Re2 42. f6+ Kxf6 43. Bb5 Rd2 44. Bf1 Ne3 45. Kh2 Rf2 46. Rxe3 0-1

[Event "Johor op 4th"]
[Site "Johor"]
[Date "2017.12.13"]
[Round "5"]
[White "Paciencia, Enrique Rivas"]
[Black "Vahidov, Tair"]
[Result "1/2-1/2"]
[WhiteElo "2332"]
[BlackElo "2428"]
[PlyCount "81"]
[EventDate "2017.12.11"]
[EventType "swiss"]
[EventRounds "9"]
[EventCountry "MAS"]
[SourceTitle "CBM 182 Extra"]
[Source "ChessBase"]
[SourceDate "2018.02.23"]
[SourceVersion "1"]
[SourceVersionDate "2018.02.23"]
[SourceQuality "1"]

1. d4 Nf6 2. c4 g6 3. Nc3 d5 4. cxd5 Nxd5 5. e4 Nxc3 6. bxc3 Bg7 7. Be3 c5 8. Rc1 Qa5 9. Qd2 0-0 10. Nf3 Rd8 11. d5 e6 12. Be2 exd5 13. exd5 Nc6 14. 0-0 Bg4 15. Qb2 Bxf3 16. Bxf3 Ne5 17. Be2 c4 18. Rfd1 b6 19. Bd4 Rxd5 20. Bxe5 Rxd1+ 21. Rxd1 Bxe5 22. Bxc4 Bxc3 23. Qb3 Rf8 24. Rd7 Qf5 25. Qd1 Bb4 26. Qd3 Qf6 27. g3 Bc5 28. Qd2 a5 29. Bb3 Kg7 30. Kg2 Qf5 31. a4 h5 32. Bc2 Qe6 33. Qd3 Qf6 34. Qf3 Qxf3+ 35. Kxf3 Rc8 36. Bb3 Rf8 37. Kg2 Rc8 38. Bc2 Rf8 39. Kf3 Re8 40. Bb3 Be7 41. Rb7 1/2-1/2

[Event "Johor op 4th"]
[Site "Johor"]
[Date "2017.12.12"]
[Round "3"]
[White "Paciencia, Enrique Rivas"]
[Black "Laxman, Rajaram"]
[Result "0-1"]
[WhiteElo "2332"]
[BlackElo "2413"]
[PlyCount "86"]
[EventDate "2017.12.11"]
[EventType "swiss"]
[EventRounds "9"]
[EventCountry "MAS"]
[SourceTitle "CBM 182 Extra"]
[Source "ChessBase"]
[SourceDate "2018.02.23"]
[SourceVersion "1"]
[SourceVersionDate "2018.02.23"]
[SourceQuality "1"]

1. g3 Nf6 2. Bg2 d5 3. d3 g6 4. Nc3 Bg7 5. e4 dxe4 6. dxe4 Qxd1+ 7. Nxd1 Nc6 8. Ne3 e5 9. Ne2 Be6 10. Bd2 0-0-0 11. Nc3 Nd4 12. Ncd5 c6 13. Nxf6 Bxf6 14. c3 Nb5 15. Bf1 Nd6 16. Bd3 Bg5 17. Ke2 h5 18. h4 Bh6 19. b3 f5 20. f3 Rhf8 21. Rad1 fxe4 22. fxe4 Ne8 23. Rdf1 Nf6 24. Be1 Ng4 25. Nc4 Rxf1 26. Rxf1 Nh2 27. Rh1 Bg4+ 28. Kf2 Rxd3 29. Rxh2 Rf3+ 30. Kg1 Bg7 31. Rd2 Kc7 32. Rd6 Bf6 33. Rd2 b5 34. Nd6 Be7 35. Ne8+ Kb8 36. c4 Bc5+ 37. Kg2 bxc4 38. Rd8+ Kb7 39. bxc4 Re3 40. Ba5 Re2+ 41. Kf1 Rf2+ 42. Ke1 Rxa2 43. Bc7 Bf2+ 0-1

[Event "Penang op 8th"]
[Site "Penang"]
[Date "2016.12.05"]
[Round "1"]
[White "Koh, Ming Yao Gavin"]
[Black "Paciencia, Enrique Rivas"]
[Result "0-1"]
[WhiteElo "1939"]
[BlackElo "2331"]
[PlyCount "84"]
[EventDate "2016.12.05"]
[EventType "swiss"]
[EventRounds "9"]
[EventCountry "MAS"]
[SourceTitle "CBM 176 Extra"]
[Source "ChessBase"]
[SourceDate "2017.03.02"]
[SourceVersion "1"]
[SourceVersionDate "2017.03.02"]
[SourceQuality "1"]

1. e4 e5 2. Nf3 Nc6 3. Bb5 a6 4. Ba4 Nf6 5. Bxc6 dxc6 6. d3 Nd7 7. Nbd2 Bd6 8. Nc4 Qe7 9. Qe2 Nf8 10. Bd2 Ne6 11. c3 f6 12. Nh4 g6 13. g3 Bd7 14. Rf1 0-0-0 15. 0-0-0 Rhe8 16. f4 exf4 17. gxf4 f5 18. Ng2 fxe4 19. dxe4 Nc5 20. e5 Qf7 21. Nge3 Bf8 22. Be1 b5 23. b4 bxc4 24. bxc5 Be6 25. Qf3 Bxc5 26. Bh4 Rd3 27. Rxd3 cxd3 28. Kd2 Kb7 29. Rb1+ Bb6 30. a4 a5 31. Bf6 Qd7 32. Qe4 Ka7 33. Nc4 Bf5 34. Nxb6 cxb6 35. Qd4 Qb7 36. Qf2 c5 37. h4 Qd5 38. Rb2 Qc4 39. Qf3 Qxa4 40. Qd5 Qxf4+ 41. Ke1 Qc1+ 42. Kf2 Qxb2+ 0-1

[Event "Singapore"]
[Site "Singapore"]
[Date "2015.02.21"]
[Round "?"]
[White "Liu, Xiangyi"]
[Black "Paciencia, Enrique Rivas"]
[Result "1-0"]
[WhiteElo "2424"]
[BlackElo "2326"]
[PlyCount "67"]
[EventDate "2015.01.10"]
[EventType "tourn"]
[EventRounds "10"]
[EventCountry "SIN"]
[SourceTitle "EXT 2016"]
[Source "ChessBase"]
[SourceDate "2015.10.08"]
[SourceVersion "1"]
[SourceVersionDate "2015.10.08"]
[SourceQuality "1"]

1. e4 e5 2. Nf3 Nf6 3. d4 Nxe4 4. Bd3 d5 5. dxe5 Nc6 6. 0-0 Bg4 7. Bf4 Bc5 8. c3 Qe7 9. Bb5 Qe6 10. Qd3 0-0-0 11. Nd4 Nxe5 12. Qxe4 dxe4 13. Nxe6 fxe6 14. Bxe5 Rd5 15. Bg3 e3 16. c4 Rf5 17. Nc3 Rhf8 18. f3 e2+ 19. Rf2 Bh5 20. Re1 Rd8 21. Rexe2 Bf7 22. Be5 g5 23. Ba4 Bg6 24. Kf1 Rff8 25. Ne4 Bxf2 26. Kxf2 g4 27. f4 h5 28. g3 h4 29. gxh4 Rd3 30. Ng5 Bh5 31. Re3 Rd2+ 32. Kg3 Rfd8 33. Bc3 R8d3 34. Bxd2 1-0

[Event "Penang op 6th"]
[Site "Penang"]
[Date "2014.12.12"]
[Round "8"]
[White "Barretto, Franz"]
[Black "Paciencia, Enrique Rivas"]
[Result "0-1"]
[WhiteElo "2158"]
[BlackElo "2335"]
[PlyCount "92"]
[EventDate "2014.12.08"]
[EventType "swiss"]
[EventRounds "9"]
[EventCountry "MAS"]
[SourceTitle "CBM 163 Extra"]
[Source "ChessBase"]
[SourceDate "2014.12.23"]
[SourceVersion "1"]
[SourceVersionDate "2014.12.23"]
[SourceQuality "1"]

1. d4 Nf6 2. c4 e6 3. Nc3 Bb4 4. Qc2 c5 5. dxc5 Na6 6. a3 Bxc3+ 7. Qxc3 Nxc5 8. Nf3 0-0 9. b4 Nce4 10. Qd4 d6 11. Bb2 e5 12. Qd3 Qb6 13. e3 Bf5 14. Qb3 a5 15. Rd1 Nc5 16. Rxd6 Qxd6 17. bxc5 Qxc5 18. Bxe5 a4 19. Qb2 Ra6 20. Bd4 Qa5+ 21. Qd2 Qc7 22. Be2 Ne4 23. Qb4 Rh6 24. Be5 Qc5 25. Bd4 Qxb4+ 26. axb4 a3 27. Nd2 Ra8 28. Nxe4 Bxe4 29. f3 a2 30. Ba1 Bb1 31. Kf2 Rd6 32. Rc1 Rd2 33. Ke1 Rad8 34. c5 Rc2 35. Rxc2 Bxc2 36. Bc3 Bb3 37. e4 Ra8 38. Ba1 Be6 39. Kd2 Ra3 40. Bd1 f6 41. Bc2 Kf8 42. f4 Ke7 43. e5 fxe5 44. fxe5 g6 45. b5 Bd5 46. b6 Rg3 0-1

[Event "Penang op 6th"]
[Site "Penang"]
[Date "2014.12.09"]
[Round "2"]
[White "Zhu, Ying"]
[Black "Paciencia, Enrique Rivas"]
[Result "1-0"]
[WhiteElo "2127"]
[BlackElo "2335"]
[PlyCount "159"]
[EventDate "2014.12.08"]
[EventType "swiss"]
[EventRounds "9"]
[EventCountry "MAS"]
[SourceTitle "CBM 163 Extra"]
[Source "ChessBase"]
[SourceDate "2014.12.23"]
[SourceVersion "1"]
[SourceVersionDate "2014.12.23"]
[SourceQuality "1"]

1. e4 e5 2. Nf3 Nc6 3. Bb5 a6 4. Ba4 Nf6 5. 0-0 Be7 6. Re1 b5 7. Bb3 0-0 8. a4 Rb8 9. axb5 axb5 10. c3 d6 11. h3 Nd7 12. d4 Bf6 13. Be3 Re8 14. Nbd2 Nf8 15. Nf1 Bd7 16. Ng3 Ng6 17. Qd2 Nh4 18. Nh2 h6 19. Rad1 Na5 20. Bd5 Nc4 21. Qc2 Nxe3 22. Rxe3 Bg5 23. Red3 Ng6 24. Nh5 exd4 25. cxd4 b4 26. Rg3 Be6 27. Bxe6 Rxe6 28. Nf3 Re8 29. e5 b3 30. Qb1 Qe7 31. h4 Bxh4 32. Rxg6 fxg6 33. Qxg6 dxe5 34. Nxh4 Rb6 35. Qg4 Qg5 36. Qxg5 hxg5 37. Nf3 Rd6 38. Rc1 exd4 39. Rxc7 Rd5 40. Rxg7+ Kf8 41. Nxg5 Re1+ 42. Kh2 Rd6 43. Rf7+ Ke8 44. Ng7+ Kd8 45. Nf5 Rg6 46. Nf3 Re2 47. N5h4 Rb6 48. Nxd4 Rxb2 49. g4 Rd2 50. Nxb3 Rxb3 51. Kg2 Ke8 52. Rf3 Rb4 53. Kg3 Rd1 54. Rf4 Rg1+ 55. Kf3 Rb3+ 56. Ke4 Ke7 57. Kf5 Rb5+ 58. Kg6 Rb6+ 59. Kg5 Rb5+ 60. Nf5+ Ke6 61. Re4+ Kf7 62. Re7+ Kf8 63. Ra7 Rf1 64. f4 Rf2 65. Ra8+ Kf7 66. Ra7+ Kf8 67. Ra6 Ke8 68. Re6+ Kf8 69. Rf6+ Ke8 70. Kg6 Rb4 71. Ng7+ Ke7 72. Rf7+ Kd6 73. Ne8+ Ke6 74. f5+ Ke5 75. g5 Rg2 76. Ng7 Rbg4 77. Ne6 Rf2 78. Re7 Rxf5 79. Ng7+ Kf4 80. Nh5+ 1-0

[Event "Singapore-ch op"]
[Site "Singapore"]
[Date "2010.01.14"]
[Round "6"]
[White "Paciencia, Enrique Rivas"]
[Black "Goh, Wei Ming Kevin"]
[Result "1-0"]
[WhiteElo "2442"]
[BlackElo "2431"]
[PlyCount "67"]
[EventDate "2010.01.09"]
[EventType "swiss"]
[EventRounds "7"]
[EventCountry "SIN"]
[SourceTitle "CBM 134 Extra"]
[Source "ChessBase"]
[SourceDate "2010.03.03"]
[SourceVersion "1"]
[SourceVersionDate "2010.03.03"]
[SourceQuality "1"]

1. c4 e5 2. Nc3 Nc6 3. g3 Nf6 4. Bg2 Bc5 5. e3 0-0 6. Nge2 Re8 7. 0-0 e4 8. a3 d6 9. Nd5 Ne5 10. Nxf6+ Qxf6 11. Bxe4 Bh3 12. d4 Nxc4 13. Bxb7 Rab8 14. Bc6 Bxf1 15. Qxf1 Red8 16. dxc5 dxc5 17. Nc3 Nxb2 18. Nd5 Qe6 19. Bxb2 Rxb2 20. Qc4 Kh8 21. Qxc5 Qf5 22. Rf1 Rc2 23. Qe7 Rb8 24. Nb4 Rc3 25. Rd1 h6 26. Qxc7 Rc8 27. Rd8+ Rxd8 28. Qxd8+ Kh7 29. Qa8 g6 30. Qxa7 Rc1+ 31. Kg2 Ra1 32. Bd5 Kg8 33. e4 Qf6 34. Nc6 1-0

[Event "Commonwealth op"]
[Site "Singapore"]
[Date "2009.12.14"]
[Round "9"]
[White "Paciencia, Enrique Rivas"]
[Black "Lim, Yee Weng"]
[Result "1/2-1/2"]
[WhiteElo "2424"]
[BlackElo "2336"]
[PlyCount "44"]
[EventDate "2009.12.10"]
[EventType "swiss"]
[EventRounds "9"]
[EventCountry "SIN"]
[SourceTitle "CBM 133 Extra"]
[Source "ChessBase"]
[SourceDate "2010.01.05"]
[SourceVersion "1"]
[SourceVersionDate "2010.01.05"]
[SourceQuality "1"]

1. d4 d5 2. Nf3 Nf6 3. c4 dxc4 4. e3 e6 5. Bxc4 a6 6. 0-0 c5 7. Qe2 Nc6 8. Rd1 cxd4 9. exd4 Be7 10. Nc3 Nb4 11. Ne5 0-0 12. a3 Nbd5 13. Qf3 Bd7 14. Bg5 Bc6 15. Nxc6 bxc6 16. Rac1 Nxc3 17. bxc3 Nd5 18. Bd2 Bxa3 19. Ra1 Be7 20. Bxa6 Qb6 21. Bf1 Rxa1 22. Rxa1 c5 1/2-1/2

[Event "Commonwealth op"]
[Site "Singapore"]
[Date "2009.12.13"]
[Round "7"]
[White "Fernandez, Daniel Howard"]
[Black "Paciencia, Enrique Rivas"]
[Result "0-1"]
[WhiteElo "2230"]
[BlackElo "2424"]
[PlyCount "74"]
[EventDate "2009.12.10"]
[EventType "swiss"]
[EventRounds "9"]
[EventCountry "SIN"]
[SourceTitle "CBM 133 Extra"]
[Source "ChessBase"]
[SourceDate "2010.01.05"]
[SourceVersion "1"]
[SourceVersionDate "2010.01.05"]
[SourceQuality "1"]

1. e4 e5 2. d4 exd4 3. c3 d5 4. exd5 Qxd5 5. cxd4 Nc6 6. Be3 Nf6 7. Nc3 Qd8 8. d5 Ne5 9. Nf3 Bd6 10. Bb5+ Bd7 11. 0-0 0-0 12. Bd4 Bxb5 13. Nxb5 Nxf3+ 14. Qxf3 Nxd5 15. Bxa7 Be5 16. Rfd1 c6 17. Bd4 Bxd4 18. Nxd4 Re8 19. a3 g6 20. b4 Qf6 21. Qxf6 Nxf6 22. Nb3 Nd5 23. Na5 b6 24. Nxc6 Nc3 25. Re1 Rxe1+ 26. Rxe1 Rxa3 27. h4 Ra2 28. g4 Rc2 29. Ne5 Rb2 30. Nd7 Rxb4 31. g5 Kg7 32. Kg2 Nd5 33. Kg3 Rd4 34. Ra1 Ne7 35. Nf6 Nf5+ 36. Kg2 Nxh4+ 37. Kf1 Nf3 0-1

[Event "Commonwealth op"]
[Site "Singapore"]
[Date "2009.12.12"]
[Round "5"]
[White "Chua, Zheng Yuan Terry"]
[Black "Paciencia, Enrique Rivas"]
[Result "0-1"]
[WhiteElo "2256"]
[BlackElo "2424"]
[PlyCount "65"]
[EventDate "2009.12.10"]
[EventType "swiss"]
[EventRounds "9"]
[EventCountry "SIN"]
[SourceTitle "CBM 133 Extra"]
[Source "ChessBase"]
[SourceDate "2010.01.05"]
[SourceVersion "1"]
[SourceVersionDate "2010.01.05"]
[SourceQuality "1"]

1. e4 c5 2. Nf3 e6 3. c4 d6 4. d4 cxd4 5. Nxd4 Nf6 6. Nc3 Be7 7. Be3 0-0 8. Be2 a6 9. 0-0 Qc7 10. Rc1 Nbd7 11. f3 b6 12. Qd2 Bb7 13. Rfd1 Rac8 14. Bf1 Qb8 15. b3 Rfe8 16. Kh1 Bd8 17. Nc2 Bc7 18. g3 Ne5 19. Qf2 Nfd7 20. Bg2 Bd8 21. Nd4 Ba8 22. Qe2 Nc6 23. Nc2 Bf6 24. Qd2 b5 25. cxb5 axb5 26. Nd4 b4 27. Ncb5 Nxd4 28. Nxd4 d5 29. exd5 Bxd5 30. Rxc8 Rxc8 31. Rc1 Rxc1+ 32. Qxc1 Qa8 33. Qd2 0-1